[Event "Hessen-chB"]
[Site "Frankfurt"]
[Date "2019.06.01"]
[Round "6"]
[White "Horny, Guenter"]
[Black "Haftmann, Rainer"]
[Result "1/2-1/2"]
[WhiteElo "1816"]
[BlackElo "1727"]
[PlyCount "60"]
[EventDate "2019.05.30"]
[EventType "swiss"]
[EventRounds "7"]
[EventCountry "GER"]
[SourceTitle "EXT 2020"]
[Source "ChessBase"]
[SourceDate "2019.10.17"]
[SourceVersion "1"]
[SourceVersionDate "2019.10.17"]
[SourceQuality "1"]

1. d4 Nf6 2. c4 e6 3. Nf3 d5 4. Nc3 c6 5. Qc2 Nbd7 6. Bf4 Be7 7. e3 0-0 8. h3 Re8 9. cxd5 exd5 10. Bd3 Nf8 11. 0-0-0 a5 12. g4 a4 13. Ne5 N6d7 14. h4 Nxe5 15. Bxe5 f6 16. Bf4 Bd6 17. g5 Bxf4 18. exf4 Qd6 19. f5 b5 20. h5 Ra7 21. gxf6 Qxf6 22. h6 Rf7 23. hxg7 Rxg7 24. Ne2 Bd7 25. Ng3 Rf7 26. Nh5 Qxd4 27. f4 a3 28. bxa3 Qa1+ 29. Kd2 Qd4 30. Kc1 Qa1+ 1/2-1/2

[Event "Hessen-chB"]
[Site "Frankfurt"]
[Date "2019.05.31"]
[Round "4"]
[White "Horny, Guenter"]
[Black "Mongi, Mario"]
[Result "1-0"]
[WhiteElo "1816"]
[BlackElo "1547"]
[PlyCount "57"]
[EventDate "2019.05.30"]
[EventType "swiss"]
[EventRounds "7"]
[EventCountry "GER"]
[SourceTitle "EXT 2020"]
[Source "ChessBase"]
[SourceDate "2019.10.17"]
[SourceVersion "1"]
[SourceVersionDate "2019.10.17"]
[SourceQuality "1"]

1. d4 d5 2. c4 e6 3. Nf3 Nf6 4. Nc3 Be7 5. Bf4 Nh5 6. Bd2 dxc4 7. e4 Nf6 8. Bxc4 0-0 9. Qc2 Nc6 10. 0-0 a6 11. e5 Nb4 12. Qb3 Nfd5 13. Ne4 b5 14. Be2 Bb7 15. a3 Nc6 16. Rac1 Nb6 17. Nc5 Nxd4 18. Nxd4 Bxc5 19. Rxc5 Qxd4 20. Be3 Qe4 21. Bf3 Qa4 22. Qxa4 Nxa4 23. Bxb7 Nxc5 24. Bxc5 Rab8 25. Bxf8 Rxb7 26. Bc5 g6 27. Rd1 a5 28. Rd8+ Kg7 29. Bf8+ 1-0

[Event "Rhein Main op-B 21st"]
[Site "Bad Homburg"]
[Date "2018.05.31"]
[Round "3"]
[White "Gerber, Ingo"]
[Black "Horny, Guenter"]
[Result "0-1"]
[WhiteElo "1578"]
[BlackElo "1871"]
[PlyCount "76"]
[EventDate "2018.05.30"]
[EventType "swiss"]
[EventRounds "7"]
[EventCountry "GER"]
[SourceTitle "EXT 2019"]
[Source "ChessBase"]
[SourceDate "2018.10.10"]
[SourceVersion "1"]
[SourceVersionDate "2018.10.10"]
[SourceQuality "1"]

1. d4 Nf6 2. Bf4 d6 3. Nf3 g6 4. h3 Bg7 5. e3 0-0 6. Nbd2 Nbd7 7. Be2 c5 8. c3 Re8 9. 0-0 e5 10. dxe5 dxe5 11. Bg5 Qc7 12. e4 b6 13. Bc4 Bb7 14. Re1 Nf8 15. Qb3 Ne6 16. Rad1 a6 17. a4 Nxg5 18. Nxg5 Re7 19. Re3 h6 20. Ngf3 Rd8 21. Nh4 Kh7 22. Qc2 Qc6 23. f3 b5 24. axb5 axb5 25. Be2 Nh5 26. g4 Nf4 27. Kh2 c4 28. b3 Qc5 29. Nf1 Rxd1 30. Bxd1 Rd7 31. Ng2 Bf6 32. Nxf4 exf4 33. Re2 Rd3 34. bxc4 bxc4 35. Rd2 Rxc3 36. Qa4 Bc6 37. Qa6 Rd3 38. Be2 Qf2+ 0-1

[Event "Rhein Main op-B 21st"]
[Site "Bad Homburg"]
[Date "2018.05.31"]
[Round "2"]
[White "Horny, Guenter"]
[Black "Moldenhauer, Lennart"]
[Result "1/2-1/2"]
[WhiteElo "1871"]
[BlackElo "1465"]
[PlyCount "63"]
[EventDate "2018.05.30"]
[EventType "swiss"]
[EventRounds "7"]
[EventCountry "GER"]
[SourceTitle "EXT 2019"]
[Source "ChessBase"]
[SourceDate "2018.10.10"]
[SourceVersion "1"]
[SourceVersionDate "2018.10.10"]
[SourceQuality "1"]

1. e4 c5 2. Nf3 Nc6 3. d4 cxd4 4. Nxd4 Nf6 5. Nc3 e5 6. Nb3 Bb4 7. Bd3 d5 8. exd5 Nxd5 9. Bd2 Nxc3 10. bxc3 Bd6 11. 0-0 0-0 12. Qe2 Qc7 13. Kh1 b6 14. f4 exf4 15. Qe4 g6 16. Bxf4 Bf5 17. Qc4 Be6 18. Bxd6 Qxd6 19. Qh4 Qe7 20. Qf4 Rac8 21. Nd4 Bd7 22. Rae1 Qc5 23. Re3 Ne7 24. Re5 Qd6 25. Rfe1 Nd5 26. Qh6 Rxc3 27. Bb5 Nf6 28. Bxd7 Qxd4 29. Bf5 Ng4 30. Bxg4 Qxg4 31. Re8 Qb4 32. R1e7 1/2-1/2

[Event "Reunion op 17th"]
[Site "St Denis"]
[Date "2015.10.10"]
[Round "3"]
[White "Dijoux, Julien"]
[Black "Horny, Guenter"]
[Result "1/2-1/2"]
[WhiteElo "1908"]
[BlackElo "1878"]
[PlyCount "66"]
[EventDate "2015.10.10"]
[EventType "swiss"]
[EventRounds "9"]
[EventCountry "RUF"]
[SourceTitle "CBM 168 Extra"]
[Source "ChessBase"]
[SourceDate "2015.10.29"]
[SourceVersion "1"]
[SourceVersionDate "2015.10.29"]
[SourceQuality "1"]

1. d4 Nf6 2. Bg5 d6 3. Nc3 g6 4. e4 c6 5. Bxf6 exf6 6. Qd2 Bg7 7. 0-0-0 b5 8. f4 0-0 9. g3 a5 10. Bh3 Qb6 11. Bxc8 Rxc8 12. h4 a4 13. h5 b4 14. Nb1 c5 15. hxg6 hxg6 16. Nf3 c4 17. c3 a3 18. bxa3 bxa3 19. Qc2 Rc7 20. Kd2 Rb7 21. Ke3 Qa6 22. Qh2 Rb2 23. Rd2 Qb6 24. Rxb2 axb2 25. a3 Qb3 26. Qd2 Nd7 27. Rh2 Rb8 28. Qc2 Qb6 29. Qa4 Qc7 30. Qd1 d5 31. e5 fxe5 32. dxe5 Qc5+ 33. Qd4 Bf8 1/2-1/2

[Event "Reunion op 17th"]
[Site "St Denis"]
[Date "2015.10.10"]
[Round "4"]
[White "Horny, Guenter"]
[Black "Vitry, Patrick"]
[Result "1-0"]
[WhiteElo "1878"]
[BlackElo "1712"]
[PlyCount "41"]
[EventDate "2015.10.10"]
[EventType "swiss"]
[EventRounds "9"]
[EventCountry "RUF"]
[SourceTitle "CBM 168 Extra"]
[Source "ChessBase"]
[SourceDate "2015.10.29"]
[SourceVersion "1"]
[SourceVersionDate "2015.10.29"]
[SourceQuality "1"]

1. d4 Nf6 2. Nc3 d6 3. e4 g6 4. Be2 Bg7 5. f4 Nfd7 6. Nf3 c5 7. d5 a6 8. a4 b6 9. 0-0 Bb7 10. Be3 Qc7 11. Nd2 0-0 12. Bf3 e6 13. dxe6 fxe6 14. Nc4 Bxc3 15. bxc3 Bxe4 16. Bxe4 d5 17. Bf3 dxc4 18. Bxa8 Nc6 19. Bxc6 Qxc6 20. Qf3 Qxf3 21. Rxf3 1-0

[Event "Reunion op 17th"]
[Site "St Denis"]
[Date "2015.10.10"]
[Round "1"]
[White "Sawmynaden, Righen Peroumal"]
[Black "Horny, Guenter"]
[Result "0-1"]
[WhiteElo "1399"]
[BlackElo "1878"]
[PlyCount "78"]
[EventDate "2015.10.10"]
[EventType "swiss"]
[EventRounds "9"]
[EventCountry "RUF"]
[SourceTitle "CBM 168 Extra"]
[Source "ChessBase"]
[SourceDate "2015.10.29"]
[SourceVersion "1"]
[SourceVersionDate "2015.10.29"]
[SourceQuality "1"]

1. d4 Nf6 2. c4 g6 3. Nc3 d6 4. e4 Bg7 5. Nf3 0-0 6. Be2 c6 7. 0-0 Nbd7 8. Qc2 a6 9. a4 e5 10. dxe5 dxe5 11. b4 Qc7 12. a5 Re8 13. c5 Nf8 14. Na4 Bg4 15. Rd1 Ne6 16. Bb2 Bxf3 17. Bxf3 Nd4 18. Bxd4 exd4 19. Rd2 d3 20. Rxd3 Ng4 21. Rad1 Qxh2+ 22. Kf1 Ne5 23. Rd6 Bf8 24. Nb6 Bxd6 25. cxd6 Rad8 26. d7 Re6 27. Qd2 Qh4 28. Qd4 f5 29. Kg1 Qg5 30. Be2 fxe4 31. Qxe4 Qf6 32. f4 Re7 33. fxe5 Rxe5 34. Bc4+ Kg7 35. Qd4 Re1+ 36. Kh2 Re5 37. Rf1 Rh5+ 38. Kg1 Qxd4+ 39. Rf2 Rf8 0-1

[Event "Rhein Main op-B 15th"]
[Site "Bad Homburg"]
[Date "2012.06.08"]
[Round "4"]
[White "Horny, Guenter"]
[Black "Busch, Florian"]
[Result "1/2-1/2"]
[WhiteElo "1810"]
[BlackElo "1775"]
[PlyCount "39"]
[EventDate "2012.06.06"]
[EventType "swiss"]
[EventRounds "7"]
[EventCountry "GER"]
[SourceTitle "EXT 2013"]
[Source "ChessBase"]
[SourceDate "2012.11.22"]
[SourceVersion "1"]
[SourceVersionDate "2012.11.22"]
[SourceQuality "1"]

1. d4 d5 2. c4 e6 3. Nc3 c6 4. Nf3 Nf6 5. Bg5 h6 6. Bh4 dxc4 7. a4 g5 8. Bg3 Bb4 9. Qc2 Qa5 10. Nd2 Nd5 11. Rc1 b5 12. e4 Nxc3 13. bxc3 Be7 14. Be2 Nd7 15. h4 Bb7 16. h5 a6 17. 0-0 Nb6 18. Ra1 Nxa4 19. Rfc1 Qd8 20. Nxc4 1/2-1/2

[Event "Rhein Main op-B 15th"]
[Site "Bad Homburg"]
[Date "2012.06.07"]
[Round "3"]
[White "Francke, Helmut"]
[Black "Horny, Guenter"]
[Result "1/2-1/2"]
[WhiteElo "1996"]
[BlackElo "1810"]
[PlyCount "22"]
[EventDate "2012.06.06"]
[EventType "swiss"]
[EventRounds "7"]
[EventCountry "GER"]
[SourceTitle "EXT 2013"]
[Source "ChessBase"]
[SourceDate "2012.11.22"]
[SourceVersion "1"]
[SourceVersionDate "2012.11.22"]
[SourceQuality "1"]

1. Nf3 Nf6 2. g3 g6 3. Bg2 Bg7 4. c4 d6 5. Nc3 c6 6. 0-0 e5 7. d3 0-0 8. Rb1 Nbd7 9. b4 a6 10. Qb3 Ne8 11. Ba3 Rb8 1/2-1/2

[Event "Rhein Main op-B 15th"]
[Site "Bad Homburg"]
[Date "2012.06.06"]
[Round "1"]
[White "Vaintroub, Maximilian"]
[Black "Horny, Guenter"]
[Result "0-1"]
[WhiteElo "1302"]
[BlackElo "1810"]
[PlyCount "72"]
[EventDate "2012.06.06"]
[EventType "swiss"]
[EventRounds "7"]
[EventCountry "GER"]
[SourceTitle "EXT 2013"]
[Source "ChessBase"]
[SourceDate "2012.11.22"]
[SourceVersion "1"]
[SourceVersionDate "2012.11.22"]
[SourceQuality "1"]

1. e4 d6 2. d4 Nf6 3. Nc3 g6 4. Be3 Bg7 5. f3 c6 6. Qd2 b5 7. Bd3 Nbd7 8. Nge2 Qc7 9. Ng3 Bb7 10. Qf2 Nb6 11. d5 b4 12. dxc6 Bxc6 13. Nb5 Bxb5 14. Bxb5+ Nfd7 15. Rb1 0-0 16. 0-0 Ne5 17. b3 Nbd7 18. Bd4 Nc5 19. h3 Ne6 20. Bxe5 Bxe5 21. Kh1 a6 22. Bc4 d5 23. exd5 Bxg3 24. Qd2 Ng7 25. Qxb4 Nf5 26. Qd2 Bf4 27. Qe1 Ng3+ 28. Kg1 Qc5+ 29. Rf2 Be3 30. Rd1 Bxf2+ 31. Qxf2 Qxf2+ 32. Kxf2 Nf5 33. g4 Nd6 34. Bd3 Rfc8 35. c4 a5 36. Rc1 Nb7 0-1